• 首页
  • 本馆介绍
  • 公告通知
  • 最新文献
  • 馆藏检索
  • 电子资源
  • 读者导购
  • 参考咨询
  • 我的图书馆
  • 登录
  • 详细信息显示
  • 放入我的书架
  • 预约/预借图书
  • 作者相关作品
  • 分类相关作品
  • 丛书相关作品
  • 出版社相关作品

书目信息

  • 表格格式
  • 工作单格式
  • 卡片格式
题名:
社会工作基础与实务
    
 
作者: 江涛 主编
分册:  
出版信息: 北京   中国社会出版社  2016
页数: 334页
开本: 26cm
丛书名:
单 册:
中图分类: C916.2
科图分类:
主题词: 社会工作--基本知识
电子资源:
ISBN: 978-7-5087-5479-6
000 00865nam0 2200241 450
001 012001001377
005 20140921103355.0
010    @a978-7-5087-5479-6@dCNY58.00
100    @a20170215d2016 em y0chiy50 ea
101 0  @achi
102    @aCN@b110000
105    @aa z 000yy
106    @ar
200 1  @a社会工作基础与实务@9she hui gong zuo ji chu yu shi wu@f江涛主编
210    @a北京@c中国社会出版社@d2016
215    @a334页@c图@d26cm
300    @a社会工作知识普及读本 重庆市社会工作员职业水平考试指导教材
330    @a本书共分7章,分别是社会工作是什么、社会工作者的素质要求、社会工作的通用过程、社会工作的主要方法、常见人群的社会工作、常见组织的社会工作、特定对象的社会工作。
606 0  @a社会工作@x基本知识
690    @aC916.2@v5
701  0 @a江涛@9jiang tao@f(1979~)@4主编
801  0 @aCN@b上海新华@c20180901
905    @b1043571-5@dC916.2@e1454@f5
    
    社会工作基础与实务/江涛主编.-北京:中国社会出版社,2016
    334页:图;26cm
    社会工作知识普及读本 重庆市社会工作员职业水平考试指导教材
    
    ISBN 978-7-5087-5479-6:CNY58.00
    本书共分7章,分别是社会工作是什么、社会工作者的素质要求、社会工作的通用过程、社会工作的主要方法、常见人群的社会工作、常见组织的社会工作、特定对象的社会工作。
●
相关链接 在E读中查询图书 在五车中查询图书 在当当中查询图书 在豆瓣中查询图书


正题名:社会工作基础与实务     索取号:C916.2/1454         预约/预借

序号 登录号 条形码 馆藏地/架位号 状态 备注
1 1043571   210435714   第一样本阅览室/ [索取号:C916.2/1454] 在馆    
2 1043572   210435723   第一借阅区/ [索取号:C916.2/1454] 在馆    
3 1043573   210435732   第一借阅区/ [索取号:C916.2/1454] 在馆    
4 1043574   210435741   第一借阅区/ [索取号:C916.2/1454] 在馆    
5 1043575   210435750   第一借阅区/ [索取号:C916.2/1454] 在馆    
唐山师范学院图书馆 欢迎您!
大连网信软件有限公司© 版权所有